| 000 | 01935nam2a22002771 4500 | ||
|---|---|---|---|
| 001 | RU\NLR\INFOCOMM29\5000131089 | ||
| 005 | 20250617133432.0 | ||
| 035 | _a(NLR Aleph) 002634105 | ||
| 090 |
_a3727404 _c3727404 |
||
| 100 | _a20050224d1961 |||y0rusy50 ca | ||
| 101 | 0 | _arus | |
| 102 | _aRU | ||
| 105 | _ay ||||000|y | ||
| 200 | 1 |
_aБыстродействующий двухполюсный ртутно-струйный переключатель для систем многоточечного контроля _fА.Н. Караулов и др. |
|
| 210 |
_d1961 _aБ. м. |
||
| 225 | 1 |
_aТема 26. Электрооборудование промышленных предприятий _vВып.20 |
|
| 423 | 0 |
_12001#$aПрограммный регулятор для включения исполнительных механизмов$fЕ.Б. Бурсо, П.М. Суриков _1700#1$aБурсо$bЕ.Б. _1701#1$aСуриков$bП.М. _tПрограммный регулятор для включения исполнительных механизмов _aБурсо, Е.Б. |
|
| 461 | 0 |
_1001RU\NLR\INFOCOMM29\5000130052 _12001#$aПередовой научно-технический и производственный опыт$i[Промышленная энергетика]$fАкад. наук СССР. Филиал Всесоюз. ин-та науч. и техн. информации$v1961, №Э-61-71 _93725046 _cМ. _d1958- _fАкад. наук СССР. Филиал Всесоюз. ин-та науч. и техн. информации _i[Промышленная энергетика] _tПередовой научно-технический и производственный опыт _v1961, №Э-61-71 |
|
| 700 | 1 |
_aКараулов _bА.Н. _4070 |
|
| 801 | 1 |
_aRU _bInfoComm _c20050225 |
|
| 801 | 0 |
_aRU _bNLR _gPSBO |
|
| 852 |
_aNLR _jП11/1539 |
||
| 942 | _cISSUE | ||
| 980 | _aNB | ||
| 980 | _aRUSPER | ||